000 00734nmc a2200277 a 4500
003 AR-BaBNM
005 20251128211611.0
008 164120s1994 ||||||||||||||000 | spa||
020 _a950-581-902-1
040 _cAR-BaBNM
245 1 0 _aEl ahijado de la muerte
_bcuentos fantásticos
260 _aBuenos Aires
_bColihue
_c1994
300 _a89 p.
_bil.
490 0 _aLos fileteados
650 4 _aLITERATURA EXTRANJERA
650 4 _aLIBROS PARA NINOS
650 4 _aCUENTOS
650 4 _aANTOLOGIAS
653 _aLITERATURA JUVENIL
653 _aADAPTACIONES LITERARIAS
655 _aLITERATURA
700 1 _aRoldán, Gustavo
_eadaptador
700 1 _aArce, Martiniano
_eilustrador
942 _cBK
998 _cEugenia
999 _c20376
_d20376